Introducción a la macroeconomía avanzada
Guardat en:
| Autors principals: | , |
|---|---|
| Format: | Llibre |
| Idioma: | espanyol |
| Publicat: |
Madrid
Mc Graw-Hill
2009
|
| Edició: | 1a. ed |
| Matèries: | |
| Etiquetes: |
Afegir etiqueta
Sense etiquetes, Sigues el primer a etiquetar aquest registre!
|
MARC
| LEADER | 00000nam a2200000 a 4500 | ||
|---|---|---|---|
| 001 | UCH9062 | ||
| 003 | CL-VaPUC | ||
| 008 | 091224e20090000SP |||||||||||||||||spa|d | ||
| 020 | |a 9788448162863 | ||
| 082 | 0 | 4 | |a 339 |b SOR |2 21 |
| 100 | 0 | |a Sorensen, Peter Birch |e author |9 545894 | |
| 700 | 0 | |a Whitta-Jacobsen, Hans Jorgen |e author |9 545895 | |
| 245 | 1 | 0 | |a Introducción a la macroeconomía avanzada |
| 250 | |a 1a. ed | ||
| 300 | |a v | ||
| 942 | |c BK | ||
| 945 | |d 20091224 00:00:00 |a rbrito | ||
| 260 | |a Madrid |b Mc Graw-Hill |c 2009 | ||
| 500 | |a v.2: Ciclos económicos | ||
| 650 | 0 | |a Macroeconomía |9 260301 | |
| 650 | 0 | |a Políticas económicas |9 353940 | |
| 650 | 7 | |a ECONOMIA CERRADA |2 CL-VaPUC |9 545896 | |
| 650 | 7 | |a ECONOMIA ABIERTA |2 CL-VaPUC |9 537299 | |
| 650 | 0 | |a Modelos económicos |9 324997 | |
| 650 | 0 | |a Política monetaria |9 258279 | |
| 583 | |a last modification |c 20091224 00:00:00 |k Rodrigo Vera | ||
| 999 | |c 339126 |d 339124 | ||
| 952 | |0 0 |1 0 |4 0 |6 339_000000000000000_SOR_2009 |7 0 |8 A |9 432568 |a BIBGIM |b BIBGIM |d 2019-11-22 |h v.2 |i 4628047 |o 339 SOR 2009 |p 4628047 |r 2025-01-15 |w 2019-11-22 |y BK |k COM | ||